000 00511nam a2200217Ia 4500
005 20250425161215.0
008 250425s9999 xx 000 0 und d
041 _aeng
082 _a627
110 _aVICKERS
245 0 _aINDUSTRIAL HYDRAULICS MANUAL
250 _a1ST ED.
260 _aEstados Unidos
_bVICKERS
_c1984
260 _aMICHIGAN CITY
300 _a149
650 _aCONTROLES INDUSTRIALES
650 _aHIDRAULICA
650 _aINGENIERIA-MANUALES
942 _c01
010 _a15083
999 _c204569
_d204569